Govt. of
Madhya Pradesh

Legende Des Siecles (Record no. 64566)

MARC details
000 -LEADER
fixed length control field 00253nam a2200109Ia 4500
008 - FIXED-LENGTH DATA ELEMENTS--GENERAL INFORMATION
fixed length control field 221009s9999 xx 000 0 und d
082 ## - DEWEY DECIMAL CLASSIFICATION NUMBER
Classification number 841/HET
100 ## - MAIN ENTRY--PERSONAL NAME
Personal name Hugo, Victor
9 (RLIN) 19598
245 #0 - TITLE STATEMENT
Title Legende Des Siecles
260 ## - PUBLICATION, DISTRIBUTION, ETC. (IMPRINT)
Name of publisher, distributor, etc. J Hetzel & co
942 ## - ADDED ENTRY ELEMENTS (KOHA)
Koha item type Books

No items available.